Politics and popular culture

Đã lưu trong:
Sonraí Bibleagrafaíochta
Príomhúdar: Street, John, 1952-
Formáid: Leabhar
Foilsithe: Polity Press 1997
Clibeanna: Cuir Clib Leis
Gan Chlibeanna, Bí ar an gcéad duine leis an taifead seo a chlibeáil!
Thư viện lưu trữ: Mạng thư viện Đại học Đà Nẵng
LEADER 00518nam a2200217 a 4500
001 000029099
003 7243
005 20171030145630.0
008 171030s1997
040 |a LTT 
082 0 |a 306.2  |b ST-J 
100 1 |a Street, John, 1952- 
245 0 0 |a Politics and popular culture  |c John Street. 
260 |b Polity Press  |c 1997 
OWN |a LTT 
999 |a From the UDN01 
TYP |a Monograph 
TYP |a Printed language 
980 |a Mạng thư viện Đại học Đà Nẵng